00620nam a2200205Ia 4500003000400000005001700004008004100021020001800062040001800080041000800098082002000106100001700126245007900143250001200222260004100234300002900275650004400304650003200348650003400380OSt20251118085508.0210716s2012 xx 000 0 und d a9788170083412 cAIMIT LIBRARY aeng a005.8 21bVACJ aVacca, John. aComputer forensics :bcomputer crime scene investigation /cBy John Vacca. a1st ed. aNew Delhi :bFirewall media ,c2012. axxv,731p. ;bPBc24.5 cm aComputer forensics evidence and capture aComputer forensics analysis aResults and future directions